000 00588cam a2200205 4500
001 B2658
008 090401t1989 xxu||||| |||| 00| 0 eng d
035 _a(Sirsi) u51337
041 _aeng
050 _a692.8
110 _aJoint Contracts Tribunal
_93664
245 _aStandard Form of Management Contract 1987 edition ...amendment 2...omission of clause 3.8: fair wages , amendments to VAT provisions
260 _aLondon
_bBEC Publications
_c1989
300 _a11p. ; 30cm.
350 _a0.5
650 _aJCT
650 _aVALUE ADDED TAX
942 _n0
948 _c04/03/1997
999 _c92874
_d92874